=LDR 00000nam 2200000 4500 =001 INLIS000000000019201 =005 20130612114308 =008 ***********************************Ind** =035 ##$$0010-061300000019201 =041 ##$$a Ind =082 ##$$a 2x1.131 =090 ##$$a 2x1.131, Jau s =100 ##$$a Jauziyah, Ibn Qayyim =245 ##$$a Sabar perisai seorang mukmin, oleh Ibnu Qayyim Al-Jauziyah; penerjemah Fadli =260 ##$$a 2003 $b Jakarta =300 ##$$a 360 hlm, 24 cm =650 ##$$a Mukmin =700 ##$$a Fadli =850 ##$$a NBPNMAT